000 00258nam a2200097Ia 4500
001 680210
005 20250826161337.0
008 250824s9999 xx 000 0 und d
245 0 _aKANATLI KEDİLER MASALI
_c URSULA K.LE GUİN
260 _bGÜNIŞIĞI KİTAPLIĞI
999 _c680210
_d680210